000 00313nam a22001337a 4500
008 181029b xxu||||| |||| 00| 0 eng d
020 _a42517000024011
041 _aeng
080 _a615.83
100 _a8
101 _aEKZ
245 _aLifelong Constract Sports Marketplace
_cGreg.J.C
942 _2udc
_cBK
999 _c50945
_d50945